Earth system history (Record no. 1215820)

MARC details
000 -LEADER
fixed length control field 00903nam a2200289Ia 4500
003 - CONTROL NUMBER IDENTIFIER
control field OSt
005 - DATE AND TIME OF LATEST TRANSACTION
control field 20221007125803.0
008 - FIXED-LENGTH DATA ELEMENTS--GENERAL INFORMATION
fixed length control field 221006b |||||||| |||| 00| 0 eng d
020 ## - INTERNATIONAL STANDARD BOOK NUMBER
International Standard Book Number 0716739070 (pbk)
037 ## - SOURCE OF ACQUISITION
Terms of availability Textbook
040 ## - CATALOGING SOURCE
Original cataloging agency DGL
Transcribing agency DGL
Language of cataloging eng
041 ## - LANGUAGE CODE
Source of code eng
Language code of text/sound track or separate title eng
100 ## - MAIN ENTRY--PERSONAL NAME
Personal name Stanley Steven M
9 (RLIN) 722460
245 #0 - TITLE STATEMENT
Title Earth system history
250 ## - EDITION STATEMENT
Edition statement 2
260 ## - PUBLICATION, DISTRIBUTION, ETC.
Place of publication, distribution, etc. New York
Name of publisher, distributor, etc. W H Freeman
Date of publication, distribution, etc. 2005
300 ## - PHYSICAL DESCRIPTION
Extent xxi,567p.
Dimensions cm.
500 ## - GENERAL NOTE
General note Appendix 540-542p; Glossary 543-552p; Index 553-567p
650 ## - SUBJECT ADDED ENTRY--TOPICAL TERM
Topical term or geographic name entry element Historical geology
9 (RLIN) 722461
650 ## - SUBJECT ADDED ENTRY--TOPICAL TERM
Topical term or geographic name entry element Physical geology
9 (RLIN) 722462
650 ## - SUBJECT ADDED ENTRY--TOPICAL TERM
Topical term or geographic name entry element Geology
942 ## - ADDED ENTRY ELEMENTS (KOHA)
Classification part H413v, P5 Carg
Koha item type Textbook
Source of classification or shelving scheme Colon Classification (CC)
Holdings
Withdrawn status Lost status Source of classification or shelving scheme Damaged status Not for loan Home library Current library Date acquired Source of acquisition Total Checkouts Full call number Barcode Date last seen Price effective from Koha item type
    Colon Classification (CC)     Department of Geology Library Department of Geology Library 2022-10-07 1882, 28/03/2007, Unilib Book Distributors   H413v P5 Carg SL0G00017 2022-10-07 2022-10-07 Textbook
Copyright @ Delhi University Library System